000 00628cab a2200193 4500
001 A136
008 090401t1992 xxu||||| |||| 00| 0 eng d
035 _a(Sirsi) u27216
041 _aeng
245 _aVisiting President highlights upturn in south-west
260 _c1992
350 _a0
490 _aRICS Press Release
_vPR104/92 3 September 1992 (2)
520 _aHighlights of the President`s speech to a conference, the South-west Property Initiative, at the University of Plymouth on 3 September 1992
650 _aJONAS CHRISTOPHER
690 _aPROPERTY-COMMERCIAL PROPERTY
942 _n0
948 _c04/03/1997
999 _c18321
_d18321